000 00666nam a2200229 i 4500
001 60155
003 ES-MaACL
005 20250827062610.0
007 t|
008 031103s1985 sp ||||1| spa d
020 _a84-85101-45-5
110 1 _aEspaña
_93622
240 1 0 _aLeyes, etc., sociales
245 1 0 _aLegislación social
_b: recopilación literal de disposiciones oficiales del sector laboral.
250 _a[ed. 1986].
260 _aBarcelona :
_bSalvatierra,
_c[1985]
300 _a542 p. ;
_c22 cm.
500 _aTít. tomado de la cub.
740 0 _aLeyes, etc., sociales.
852 _aES-MaACL
_jL-9105
_bR.110044
999 _c60155
_d60155